People in History by Wikipedia Descriptions #7 - Statistics

General Stats
  • This quiz has been taken 213 times
  • The average score is 8 of 15
Answer Stats
Hint Answer % Correct
One of the most discussed Jewish victims of the Holocaust, she gained fame posthumously with the publication of The Diary of a Young Girl . Anne Frank
95%
American inventor, scientist, and engineer who is credited with inventing and patenting the first practical telephone. Alexander Graham Bell
89%
Soviet Air Forces pilot and cosmonaut who became the first human to journey into outer space. Yuri Gagarin
77%
King of the Franks from 768, King of the Lombards from 774, and Emperor of the Romans from 800. Charlemagne
75%
Native American woman notable for her association with the colonial settlement at Jamestown, Virginia. Pocahontas
75%
British politician who served as Prime Minister of the United Kingdom from 1997 to 2007 and Leader of the Labour Party from 1994 to 2007. Tony Blair
75%
Is known for playing Princess Leia in the Star Wars films. Carrie Fisher
73%
American novelist best known for her 1960 novel To Kill a Mockingbird. Harper Lee
73%
The husband of Queen Victoria of the United Kingdom of Great Britain and Ireland. Prince Albert
58%
Several of his short stories, novels, and plays have been praised as literary classics, including the novella Breakfast at Tiffany's (1958). Truman Capote
42%
Her breakout role was her first leading role, as Kathy Selden in Singin' in the Rain (1952). Debbie Reynolds
24%
Belgian Surrealist artist. He became well known for creating a number of witty and thought-provoking images. Rene Magritte
18%
His work was influential to the French avant-garde and many modern artists, such as Pablo Picasso and Henri Matisse. Paul Gauguin
9%
Dominated British foreign policy during the period 1830 to 1865, when Britain was at the height of its imperial power. Lord Palmerston
4%
Leader of the Irish Unionist Alliance and Ulster Unionist Party between 1910 and 1921. Edward Carson
2%
No matching quizzes found
Score Distribution
Percent of People with Each Score
Percentile by Number Answered
Your Score History
You have not taken this quiz